[Event "1st Turkish League 2017"]
[Site "Konya"]
[Date "2017.07.17"]
[Round "1"]
[White "Shanava, Konstantine"]
[Black "Demchenko, Anton"]
[Result "0-1"]
[WhiteElo "2524"]
[BlackElo "2645"]
[Annotator "TA"]
[PlyCount "82"]
[EventType "team-tourn"]
[EventCountry "TUR"]
[SourceTitle "playchess.com"]
[Source "ChessBase"]
[SourceQuality "1"]

{[%evp 9,82,22,42,39,42,41,64,55,55,62,60,57,60,55,55,46,78,57,51,19,21,23,47,52,62,54,54,54,54,60,51,50,63,63,64,35,46,5,21,-10,0,-14,0,0,0,0,0,0,82,0,0,-29,-10,0,-14,-125,-131,-419,-431,-416,-393,-672,-586,-1150,-1096,-1099,-1090,-1055,-1034,-1009,-970,-946,-875,-775,-706]} 1. e4 e5 2. Nc3 Nc6 3. Nge2 (3. g3 Bc5 4. Bg2 a6 5. Nge2 d6 6. O-O Nge7 7. Nd5 O-O 8. c3 Nxd5 9. exd5 Ne7 10. d4 exd4 11. Nxd4 Nf5 12. Nf3 Qf6 13. b4 {0-1 (44) Adhiban,B (2670)-Yu,Y (2749) Khanty-Mansiysk 2017}) 3... Bc5 4. Na4 Be7 5. d4 d6 6. d5 {C25: Vienna Game: Alternatives to 2...Nf6} Nb8 7. c4 Na6 $146 ({Predecessor:} 7... Nf6 8. Qd3 c6 9. g3 cxd5 10. cxd5 Bd7 {½-½ (61) Karastoichev,E-Tsvetkov,A Sofia 1948}) 8. Ng3 {White is slightly better.} Bg5 {[#]} 9. c5 $1 {[%mdl 512]} Nxc5 10. Bxg5 Qxg5 11. Nxc5 dxc5 12. Rc1 Qe7 13. Qc2 Bd7 14. Qxc5 (14. Be2 {seems wilder.} Rc8 15. Qxc5 Qxc5 16. Rxc5 f6 17. O-O) 14... Qxc5 15. Rxc5 Rc8 16. Bd3 Nf6 17. O-O Ke7 18. b4 {[%cal Bb2b4,Bb4b5][%mdl 32]} Rhd8 19. b5 Ne8 20. Rfc1 b6 21. R5c3 Nd6 22. a4 Nb7 23. Rxc7 {With the idea Nf5+.} Nc5 24. R1xc5 bxc5 25. Nf5+ Kf6 26. Rxc8 $1 Rxc8 $11 {[%mdl 4096] Endgame KRB-KBN} 27. Nd6 Rb8 28. Nc4 Bc8 (28... g5 $11) 29. g3 ({White should play} 29. f4 $1 $16) 29... g5 30. f4 gxf4 31. gxf4 exf4 {[%cal Be5f4,Bf4f3][%mdl 32]} 32. e5+ {[#]} (32. Kf2 $1 $11) 32... Kg5 $1 $17 {Strongly threatening ...Bf5.} 33. Nd6 $2 {[%mdl 8192] [#]} (33. Kf2 $17 Bf5 34. Bxf5 Kxf5 35. Kf3) 33... f3 $1 $19 34. Nxf7+ Kf4 35. e6 $2 (35. Kf2 Bh3 36. Bxh7) 35... Ke3 {Black is clearly winning.} 36. Bxh7 Ke2 {( -> ...f2+)} 37. Bd3+ Kxd3 38. Kf2 Kd4 39. e7 Bd7 40. d6 Kd5 41. Kxf3 Ke6 {Precision: White = 44%, Black = 81%.} 0-1

[Event "1st Turkish League 2017"]
[Site "Konya"]
[Date "2017.07.17"]
[Round "1"]
[White "Khamrakulov, Djurabek"]
[Black "Yargici, Mazhar Kutay"]
[Result "1-0"]
[WhiteElo "2477"]
[BlackElo "1913"]
[Annotator "TA"]
[PlyCount "83"]
[EventType "team-tourn"]
[EventCountry "TUR"]
[SourceTitle "playchess.com"]
[Source "ChessBase"]
[SourceQuality "1"]

{[%evp 24,83,8,2,220,225,276,269,342,322,293,255,270,278,290,298,286,275,320,310,289,300,362,338,338,331,352,312,344,315,293,321,314,253,428,436,490,305,497,489,640,626,857,857,847,830,875,852,805,793,913,894,29978,29979,29979,29980,29980,29981,29981,29982,29982,29983]} 1. e4 e5 2. Nf3 Nc6 3. d4 exd4 4. Nxd4 Bc5 5. Nb3 Bb6 6. Qe2 Qf6 7. a4 a6 8. Nc3 Nge7 9. Nd5 Nxd5 10. exd5+ Ne7 11. a5 Ba7 12. h4 {[%cal Bh2h4,Bh4h5][%mdl 32]} d6 {C45: Scotch Game} (12... O-O 13. Bg5 Qxb2 14. Bxe7 Re8 15. d6 cxd6 16. Kd2 b5 17. Qf3 Rb8 18. Bxd6 Bb7 19. Qc3 Qxc3+ 20. Kxc3 {1-0 (40) Vajda,L (2480)-Sherzer,A (2470) Hungary 1999}) 13. Ra4 {[#] LiveBook: 4 Games. Strongly threatening Bg5.} Bf5 $2 (13... Qf5 $1 $11 {and Black stays safe.}) 14. g4 $18 Bg6 {White is clearly better.} 15. h5 Qxf2+ 16. Qxf2 Bxf2+ 17. Kd1 $146 {[%cal Be1d1,Bd1c2,Bc2d3][%mdl 32]} ({Predecessor:} 17. Kxf2 Bxc2 18. Bc4 f5 19. g5 Kd7 20. Rb4 Rab8 21. Bf4 c5 22. dxc6+ bxc6 23. Nc5+ {1-0 (23) Akopyan,H (2233)-Taylor,T (2296) Los Angeles 2011}) 17... Bxc2+ 18. Kxc2 Nxd5 19. Bg2 c6 20. Rf1 Bg3 21. Bxd5 cxd5 22. Bf4 Rc8+ 23. Kd3 Bxf4 24. Raxf4 Rc7 25. Rf5 Re7 26. R1f3 f6 27. Rxd5 Kd7 28. g5 Rf8 $2 {[#]} (28... fxg5 29. Rxg5 Rg8) 29. Rdf5 Re5 30. Nd4 Rfe8 $2 (30... Rg8 31. gxf6 gxf6 32. Rxf6 Rxh5) 31. h6 g6 32. Rxf6 Rxg5 33. Rf7+ Re7 34. Rg7 Ke8 35. Re3 Rxe3+ 36. Kxe3 {[%mdl 4096] Endgame KRN-KR} Re5+ 37. Kf4 Re7 38. Rxe7+ {White mates.} Kxe7 39. Nf3 g5+ 40. Nxg5 Kf6 41. Nxh7+ Kg6 42. Ng5 {Precision: White = 91%, Black = 17%.} 1-0

[Event "1st Turkish League 2017"]
[Site "Konya"]
[Date "2017.07.17"]
[Round "1"]
[White "Nechaeva, Marina"]
[Black "Kazimova, Narmin"]
[Result "1-0"]
[WhiteElo "2408"]
[BlackElo "2274"]
[Annotator "NA"]
[PlyCount "65"]
[EventType "team-tourn"]
[EventCountry "TUR"]
[SourceTitle "playchess.com"]
[Source "ChessBase"]
[SourceQuality "1"]
[TimeControl "5400+30"]

1. d4 Nf6 2. c4 {[%emt 0:00:00]} e6 {[%emt 0:00:30]} 3. Nc3 {[%emt 0:00:30]} Bb4 {[%emt 0:00:30]} 4. Nf3 {[%emt 0:00:00]} b6 {[%emt 0:01:30]} 5. e3 {[%emt 0:00:00]} Bb7 {[%emt 0:00:30]} 6. Bd3 {[%emt 0:00:00]} Ne4 {[%emt 0:01:30]} 7. Qc2 {[%emt 0:00:00]} f5 {[%emt 0:00:30]} 8. O-O {[%emt 0:00:30]} Bxc3 {[%emt 0:01:30]} 9. bxc3 {[%emt 0:00:00]} O-O {[%emt 0:00:30]} 10. c5 {[%emt 0:00:00] E43: Nimzo-Indian: Rubinstein: 4...b6} (10. Ne1 Nc6 11. f3 Nd6 12. Ba3 Na5 13. c5 Ndc4 14. Qc1 Nxa3 15. Qxa3 Rf6 16. Nc2 Rh6 17. Rf2 Qh4 18. g3 Qh5 {0-1 (50) Bu,X (2705)-Vallejo Pons,F (2711) Doha 2016}) 10... Nc6 {[%emt 0:17:30]} 11. Rb1 {[%emt 0:28:30]} Ne7 {[%emt 0:10:30]} 12. Ne1 $146 {[%emt 0:03:30]} ({Predecessor:} 12. a4 g5 13. Nd2 Nf6 14. e4 fxe4 15. Nxe4 Nxe4 16. Bxe4 Bxe4 17. Qxe4 Nd5 {1-0 (59) Demuth,A (2545)-Aloma Vidal,R (2475) Escaldes 2016}) 12... Ng6 {[%emt 0:10:30]} 13. f3 {[%emt 0:00:30]} Nf6 {[%emt 0:01:30]} 14. c4 {[%emt 0:11:30]} Bc6 {[%emt 0:10:30]} 15. Ba3 {[%emt 0:00:30]} Re8 {[%emt 0:00:30]} 16. Qd2 {[%emt 0:03:30]} bxc5 {[%emt 0:10:30]} 17. Bxc5 {[%emt 0:00:30]} d6 {[%emt 0:00:00]} 18. Ba3 {[%emt 0:06:30]} Bd7 {[%emt 0:00:00]} 19. Be2 {[%emt 0:01:30]} e5 {[%emt 0:01:30]} 20. d5 {[%emt 0:08:30]} f4 {[%emt 0:06:30] [#]} (20... Ne7 $14) 21. e4 $16 {[%emt 0:04:30]} Nh5 {[%emt 0:01:30]} 22. Nd3 {[%emt 0:04:30]} Rf8 {[%emt 0:07:21]} 23. c5 {[%emt 0:00:30]} Rf6 {[%emt 0:00:28]} 24. Qe1 {[%emt 0:00:30]} Nh8 {[%emt 0:03:38]} 25. Qa5 {[%emt 0:14:26]} Rh6 {[%emt 0:10:01]} 26. Rfe1 {[%emt 0:06:32]} Rc8 {[%emt 0:03:28]} 27. c6 {[%emt 0:03:52]} Be8 {[%emt 0:00:30]} 28. Nf2 {[%emt 0:00:00]} Nf6 {[%emt 0:00:15]} 29. Ba6 {[%emt 0:00:00]} Rb8 {[%emt 0:01:12]} 30. Rb7 {[%emt 0:00:19]} Rxb7 {[%emt 0:00:17]} 31. cxb7 {[%emt 0:00:10]} Nd7 {[%emt 0:00:00]} 32. Rc1 {[%emt 0:00:26]} Nb6 {[%emt 0:01:18]} 33. Qc3 {[%emt 0:00:31]} 1-0

[Event "1st Turkish League 2017"]
[Site "Konya"]
[Date "2017.07.17"]
[Round "1"]
[White "Koksal, Ege"]
[Black "Baglan, Esat"]
[Result "0-1"]
[WhiteElo "2390"]
[BlackElo "2305"]
[Annotator "NA"]
[PlyCount "66"]
[EventType "team-tourn"]
[EventCountry "TUR"]
[SourceTitle "playchess.com"]
[Source "ChessBase"]
[SourceQuality "1"]
[TimeControl "5400+30"]

1. d4 {[%emt 0:00:30]} d5 {[%emt 0:01:00]} 2. c4 {[%emt 0:00:00]} c6 {[%emt 0:00:30]} 3. Nc3 {[%emt 0:00:00]} Nf6 {[%emt 0:00:00]} 4. e3 {[%emt 0:07:30]} e6 {[%emt 0:00:00]} 5. Nf3 {[%emt 0:00:00]} Nbd7 {[%emt 0:00:30]} 6. Bd3 {[%emt 0:00:00]} dxc4 {[%emt 0:00:30]} 7. Bxc4 {[%emt 0:00:30]} b5 {[%emt 0:00:30]} 8. Bd3 {[%emt 0:00:30]} Bd6 {[%emt 0:05:30]} 9. O-O {[%emt 0:08:30]} O-O {[%emt 0:00:30]} 10. b3 {[%emt 0:02:30]} a6 {[%emt 0:10:30]} 11. Bb2 {[%emt 0:07:30]} Bb7 {[%emt 0:27:30]} 12. e4 {[%emt 0:23:30]} e5 {[%emt 0:02:30]} 13. Nxb5 {[%emt 0:13:30]} cxb5 {[%emt 0:00:30]} 14. dxe5 {[%emt 0:00:30]} Nxe5 {[%emt 0:06:30]} 15. Nxe5 {[%emt 0:00:30]} Re8 {[%emt 0:10:30]} 16. Nf3 {[%emt 0:09:30]} Nxe4 {[%emt 0:04:30]} 17. Rc1 {[%emt 0:00:00]} Bf4 {[%emt 0:10:25]} 18. Bxe4 {[%emt 0:12:25]} Bxe4 {[%emt 0:01:21]} 19. Rc5 {[%emt 0:03:14]} Qe7 {[%emt 0:07:58]} 20. Qd4 {[%emt 0:02:13]} f6 {[%emt 0:01:12]} 21. Rh5 {[%emt 0:05:02]} Rad8 {[%emt 0:01:37]} 22. Qc5 {[%emt 0:00:37]} Qb7 {[%emt 0:05:59]} 23. Rh3 {[%emt 0:01:23]} Rd5 {[%emt 0:01:39]} 24. Qc3 {[%emt 0:00:30]} Rd3 {[%emt 0:00:00]} 25. Qb4 {[%emt 0:00:12]} Bd6 {[%emt 0:00:04]} 26. Qe1 {[%emt 0:00:44]} Re7 {[%emt 0:00:34]} 27. Qe2 {[%emt 0:00:58]} Bf5 {[%emt 0:00:25]} 28. Qc2 {[%emt 0:01:02]} Rxf3 {[%emt 0:00:09]} 29. Qd2 {[%emt 0:00:30]} Bxh3 {[%emt 0:00:37]} 30. Qxd6 {[%emt 0:00:10]} Bxg2 {[%emt 0:00:39]} 31. Rc1 {[%emt 0:00:29]} Bh3 {[%emt 0:01:12]} 32. Ba3 {[%emt 0:00:38]} Rd3 {[%emt 0:00:00]} 33. Qc6 {[%emt 0:01:11]} Qxc6 {[%emt 0:00:09]} 0-1

[Event "1st Turkish League 2017"]
[Site "Konya"]
[Date "2017.07.17"]
[Round "1"]
[White "Eric, Jovana"]
[Black "Temel, Burcu Melis"]
[Result "1-0"]
[WhiteElo "2262"]
[BlackElo "1846"]
[Annotator "NA"]
[PlyCount "61"]
[EventType "team-tourn"]
[EventCountry "TUR"]
[SourceTitle "playchess.com"]
[Source "ChessBase"]
[SourceQuality "1"]
[TimeControl "5400+30"]

1. e4 {[%emt 0:00:30]} c5 {[%emt 0:01:00]} 2. Nf3 {[%emt 0:00:30]} g6 {[%emt 0:00:00]} 3. d4 {[%emt 0:00:00]} cxd4 {[%emt 0:00:00]} 4. Nxd4 {[%emt 0:00:00]} Bg7 {[%emt 0:00:30]} 5. Nc3 {[%emt 0:00:00]} Nc6 {[%emt 0:00:30]} 6. Be3 {[%emt 0:01:00]} Nf6 {[%emt 0:00:30]} 7. Bc4 {[%emt 0:01:30]} d6 {[%emt 0:01:30]} 8. h3 {[%emt 0:01:30]} Bd7 {[%emt 0:03:30]} 9. O-O {[%emt 0:01:30]} O-O {[%emt 0:02:30]} 10. Re1 {[%emt 0:02:30]} Rc8 {[%emt 0:10:30]} 11. Bb3 $11 {[%emt 0:03:30] LiveBook: 74 Games} Ne5 {[%emt 0:03:30]} 12. Qe2 {[%emt 0:04:30]} a6 {[%emt 0:12:30]} 13. f4 {[%emt 0:05:30]} Nc6 {[%emt 0:00:30]} 14. Rad1 {[%emt 0:00:30]} Qa5 {[%emt 0:11:30]} 15. Nf3 {[%emt 0:22:30]} Qh5 {[%emt 0:27:30]} 16. Bf2 {[%emt 0:06:30]} Be6 {[%emt 0:11:34]} 17. Bxe6 {[%emt 0:07:30]} fxe6 {[%emt 0:00:30]} 18. Qc4 {[%emt 0:00:30]} h6 {[%emt 0:03:23]} 19. Qxe6+ {[%emt 0:00:30]} Kh7 {[%emt 0:00:00]} 20. Nd5 {[%emt 0:02:30]} Ng8 {[%emt 0:02:43]} 21. g4 {[%emt 0:05:30]} Qxh3 {[%emt 0:01:11]} 22. Rd3 {[%emt 0:00:30]} Kh8 {[%emt 0:03:15]} 23. Nh4 {[%emt 0:03:30]} Qxh4 {[%emt 0:02:16]} 24. Bxh4 {[%emt 0:00:30]} Nd4 {[%emt 0:00:22]} 25. Qxg6 {[%emt 0:00:30]} Rxc2 {[%emt 0:00:46]} 26. Kh1 {[%emt 0:08:30]} e6 {[%emt 0:00:54]} 27. e5 {[%emt 0:03:32]} dxe5 {[%emt 0:00:16]} 28. Rxd4 {[%emt 0:00:52]} exd4 {[%emt 0:00:47]} 29. Qxc2 {[%emt 0:00:30]} exd5 {[%emt 0:00:30]} 30. f5 {[%emt 0:00:30]} Nf6 {[%emt 0:00:17]} 31. Re7 {[%emt 0:00:55]} 1-0

[Event "1st Turkish League 2017"]
[Site "Konya"]
[Date "2017.07.17"]
[Round "1"]
[White "Keler, Faruk"]
[Black "Sengul, Cengiz"]
[Result "1-0"]
[WhiteElo "2262"]
[BlackElo "2108"]
[Annotator "NA"]
[PlyCount "108"]
[EventType "team-tourn"]
[EventCountry "TUR"]
[SourceTitle "playchess.com"]
[Source "ChessBase"]
[SourceQuality "1"]
[TimeControl "5400+30"]

1. e4 e5 2. Nf3 {[%emt 0:00:00]} Nc6 {[%emt 0:01:30]} 3. Bb5 {[%emt 0:00:30]} a6 {[%emt 0:00:30]} 4. Ba4 {[%emt 0:00:30]} Nf6 {[%emt 0:00:30]} 5. O-O {[%emt 0:00:00]} Be7 {[%emt 0:00:00]} 6. Re1 {[%emt 0:00:00]} b5 {[%emt 0:00:00]} 7. Bb3 {[%emt 0:00:00]} d6 {[%emt 0:00:00]} 8. c3 {[%emt 0:00:00]} O-O {[%emt 0:00:00]} 9. h3 {[%emt 0:00:30]} Nd7 {[%emt 0:00:00]} 10. d4 {[%emt 0:00:30]} Nb6 {[%emt 0:00:00]} 11. Nbd2 {[%emt 0:00:30]} Bf6 {[%emt 0:00:30]} 12. d5 {[%emt 0:02:30]} Na5 {[%emt 0:09:30]} 13. Bc2 {[%emt 0:00:30]} c5 {[%emt 0:00:00]} 14. b4 {[%emt 0:09:30]} cxb4 {[%emt 0:04:00]} 15. cxb4 {[%emt 0:00:30]} Nac4 {[%emt 0:00:00]} 16. Nxc4 {[%emt 0:00:30]} Nxc4 {[%emt 0:00:00]} 17. Bd3 {[%emt 0:03:30]} Bd7 {[%emt 0:06:30]} 18. Bxc4 {[%emt 0:19:30]} bxc4 {[%emt 0:00:00]} 19. a4 {[%emt 0:06:30]} Qb6 {[%emt 0:10:00]} 20. Bd2 {[%emt 0:05:30]} Rfc8 {[%emt 0:01:30]} 21. Bc3 {[%emt 0:07:30]} Qd8 {[%emt 0:03:30]} 22. Nd2 {[%emt 0:01:30]} Bg5 {[%emt 0:00:30]} 23. Qe2 {[%emt 0:01:30]} Rab8 {[%emt 0:30:30]} 24. Ra3 {[%emt 0:01:30]} Qc7 {[%emt 0:04:30]} 25. Rc1 {[%emt 0:02:30]} f6 {[%emt 0:00:30]} 26. Rc2 {[%emt 0:00:30]} Be8 {[%emt 0:03:30]} 27. Nf3 {[%emt 0:02:30]} Bh6 {[%emt 0:01:30]} 28. Nh4 {[%emt 0:08:30]} g6 {[%emt 0:05:30]} 29. Nf3 {[%emt 0:01:30]} Bd7 {[%emt 0:01:54]} 30. Nh2 {[%emt 0:02:30]} f5 {[%emt 0:01:35]} 31. Bd2 {[%emt 0:00:30]} Bxd2 {[%emt 0:01:25]} 32. Qxd2 {[%emt 0:00:00]} fxe4 {[%emt 0:02:17]} 33. Nf1 {[%emt 0:01:00]} Qb6 {[%emt 0:01:25]} 34. Rb2 {[%emt 0:00:30]} Qd4 {[%emt 0:01:01]} 35. Rc2 {[%emt 0:06:15]} Qxd2 {[%emt 0:04:25]} 36. Nxd2 {[%emt 0:00:52]} Rxb4 {[%emt 0:00:17]} 37. Nxe4 {[%emt 0:03:40]} Bxa4 {[%emt 0:02:20]} 38. Nxd6 {[%emt 0:06:22]} Bxc2 {[%emt 0:06:52]} 39. Nxc8 {[%emt 0:00:05]} Rb1+ {[%emt 0:00:33]} 40. Kh2 {[%emt 0:00:03]} Rb8 {[%emt 0:00:35]} 41. Ne7+ {[%emt 0:00:17]} Kf7 {[%emt 0:00:21]} 42. Nc6 {[%emt 0:00:12]} Rc8 {[%emt 0:01:01]} 43. Rxa6 {[%emt 0:01:13]} Be4 {[%emt 0:00:25]} 44. Nxe5+ {[%emt 0:00:48]} Kg7 {[%emt 0:00:30]} 45. d6 {[%emt 0:00:00]} c3 {[%emt 0:00:00]} 46. d7 {[%emt 0:07:14]} Rd8 {[%emt 0:00:00]} 47. Ra4 {[%emt 0:00:36]} c2 {[%emt 0:00:04]} 48. Rc4 {[%emt 0:00:00]} Bf5 {[%emt 0:02:37]} 49. g4 {[%emt 0:00:00]} Bxd7 {[%emt 0:00:11]} 50. Rxc2 {[%emt 0:00:09]} Be6 {[%emt 0:00:36]} 51. Rc7+ {[%emt 0:00:30]} Kg8 {[%emt 0:00:00]} 52. Re7 {[%emt 0:00:29]} Bd5 {[%emt 0:00:00]} 53. g5 {[%emt 0:00:00]} Rf8 {[%emt 0:01:03]} 54. Ng4 {[%emt 0:00:05]} Rf5 {[%emt 0:00:54]} 1-0

[Event "1st Turkish League 2017"]
[Site "Konya"]
[Date "2017.07.17"]
[Round "1"]
[White "Isik, Alparslan"]
[Black "Kalemler, Kaan"]
[Result "1-0"]
[WhiteElo "2211"]
[BlackElo "1927"]
[Annotator "NA"]
[PlyCount "119"]
[EventType "team-tourn"]
[EventCountry "TUR"]
[SourceTitle "playchess.com"]
[Source "ChessBase"]
[SourceQuality "1"]
[TimeControl "5400+30"]

1. Nf3 Nf6 2. c4 {[%emt 0:00:00]} b6 {[%emt 0:01:30]} 3. g3 {[%emt 0:00:30]} Bb7 {[%emt 0:00:30]} 4. Bg2 {[%emt 0:00:00]} g6 {[%emt 0:01:30]} 5. d4 {[%emt 0:04:00]} Bg7 $11 {[%emt 0:02:30] LiveBook: 293 Games} 6. Nc3 {[%emt 0:00:30]} d6 {[%emt 0:01:30]} 7. Qc2 {[%emt 0:02:30]} Nbd7 {[%emt 0:02:30]} 8. O-O {[%emt 0:00:30]} O-O {[%emt 0:05:30]} 9. Rd1 {[%emt 0:07:30]} c5 {[%emt 0:05:30]} 10. d5 {[%emt 0:03:30]} a6 {[%emt 0:04:30]} 11. a4 {[%emt 0:04:30]} Qc7 {[%emt 0:10:30]} 12. e4 {[%emt 0:01:30]} Rfb8 {[%emt 0:07:30]} 13. Bf4 {[%emt 0:05:30]} Bc8 {[%emt 0:12:30]} 14. Qe2 {[%emt 0:04:30]} Ne5 {[%emt 0:07:30]} 15. Nxe5 {[%emt 0:03:30]} dxe5 {[%emt 0:00:00]} 16. Bd2 {[%emt 0:06:30]} Bd7 {[%emt 0:03:00]} 17. Bf1 {[%emt 0:15:30]} Ne8 {[%emt 0:06:30]} 18. Bg5 {[%emt 0:03:30]} Qd6 {[%emt 0:03:30]} 19. Qc2 {[%emt 0:02:30]} f6 {[%emt 0:08:14]} 20. Be3 {[%emt 0:01:30]} f5 {[%emt 0:00:36]} 21. Qd2 {[%emt 0:10:30]} Nf6 {[%emt 0:04:41]} 22. f3 {[%emt 0:04:23]} Rf8 {[%emt 0:03:30]} 23. Be2 {[%emt 0:06:15]} f4 {[%emt 0:03:41]} 24. Bf2 {[%emt 0:00:25]} Bh6 {[%emt 0:00:44]} 25. Qd3 {[%emt 0:02:33]} fxg3 {[%emt 0:01:28]} 26. hxg3 {[%emt 0:00:30]} Nh5 {[%emt 0:00:30]} 27. Kg2 {[%emt 0:03:51]} Qf6 {[%emt 0:00:00]} 28. Be3 {[%emt 0:00:27]} Nf4+ {[%emt 0:04:13]} 29. gxf4 {[%emt 0:05:10]} Bxf4 {[%emt 0:00:30]} 30. Bf2 {[%emt 0:00:30]} Qg5+ {[%emt 0:00:30]} 31. Kf1 {[%emt 0:00:30]} Qh5 {[%emt 0:00:30]} 32. Ke1 {[%emt 0:00:51]} Qh1+ {[%emt 0:00:18]} 33. Bf1 {[%emt 0:00:01]} Bg3 {[%emt 0:00:29]} 34. Bxg3 {[%emt 0:02:38]} Rxf3 {[%emt 0:00:01]} 35. Qe2 {[%emt 0:00:24]} Rxg3 {[%emt 0:00:49]} 36. Kd2 {[%emt 0:00:20]} Bg4 {[%emt 0:00:58]} 37. Qf2 {[%emt 0:00:19]} Qh6+ {[%emt 0:00:05]} 38. Kc2 {[%emt 0:01:15]} Bxd1+ {[%emt 0:00:30]} 39. Rxd1 {[%emt 0:00:00]} Rg4 {[%emt 0:00:13]} 40. a5 {[%emt 0:00:20]} Rf8 {[%emt 0:00:40]} 41. Qe1 {[%emt 0:00:45]} Rg1 {[%emt 0:00:41]} 42. Qe2 {[%emt 0:00:27]} Qh4 {[%emt 0:00:31]} 43. Kb3 {[%emt 0:00:57]} Rf2 {[%emt 0:00:30]} 44. Qd3 {[%emt 0:00:00]} Rg3 {[%emt 0:00:25]} 45. Qb1 {[%emt 0:00:30]} bxa5 {[%emt 0:00:30]} 46. Ka4 {[%emt 0:00:34]} Qg4 {[%emt 0:00:36]} 47. Bd3 {[%emt 0:00:34]} Qd7+ {[%emt 0:00:58]} 48. Ka3 {[%emt 0:00:01]} Qb7 {[%emt 0:00:01]} 49. Rf1 {[%emt 0:00:51]} Qb4+ {[%emt 0:00:26]} 50. Ka2 {[%emt 0:00:01]} a4 {[%emt 0:00:33]} 51. Rxf2 {[%emt 0:00:07]} Qb3+ {[%emt 0:00:31]} 52. Ka1 {[%emt 0:00:30]} a3 {[%emt 0:00:00]} 53. Bc2 {[%emt 0:00:46]} axb2+ {[%emt 0:00:29]} 54. Qxb2 {[%emt 0:00:30]} Qxc3 {[%emt 0:00:30]} 55. Qxc3 {[%emt 0:00:30]} Rxc3 {[%emt 0:00:30]} 56. Ka2 {[%emt 0:00:30]} Rxc4 {[%emt 0:00:30]} 57. Bb3 {[%emt 0:00:30]} Rxe4 {[%emt 0:00:17]} 58. d6+ {[%emt 0:01:04]} c4 {[%emt 0:01:11]} 59. dxe7 {[%emt 0:00:35]} Re2+ {[%emt 0:00:00]} 60. Ka3 {[%emt 0:00:21]} 1-0